| 000 | 00468nam a2200181Ia 4500 | ||
|---|---|---|---|
| 008 | 220803s9999 xx 000 0 und d | ||
| 020 | _a81-85594-20-1 | ||
| 041 | _aeng | ||
| 082 | _a330 RAN/RAN | ||
| 100 |
_aRangwala K S _917858 |
||
| 245 | _aValution Of Real Properties | ||
| 250 | _a6th | ||
| 260 |
_aAnand _bCharotar Publishing _c2003 |
||
| 300 | _a652p | ||
| 500 | _aArchitecture | ||
| 650 |
_aEconomics _917859 |
||
| 700 |
_aRangwala P S Rangwala S.C _917860 |
||
| 999 |
_c12509 _d12509 |
||